Statistics for Things You Learned In Science Class

Click here to take the quiz!

General Stats

  • This quiz has been taken 606 times
  • The average score is 7 of 14

Answer Stats

HintAnswer% Correct
A massive wave that is caused from the shaking of the ocean floorTsunami
93%
When tectonics plate move into each other, the ground shakes, causing anEarthquake
90%
When there's smoke, there'sFire
85%
A devasting funnel of high windsTornado
79%
Rain, snow, sleet, and hail also known asPrecipitation
72%
Heavy rains and winds, accompanied by lightning is known asThunderstorm
64%
A snow storm with high winds and causes frostbiteBlizzard
52%
How clouds are formedCondensation
49%
Heat transferred through direct contactConduction
44%
The current condition of the atmosphereWeather
33%
Increased surface water that is the result ofFloods
31%
Water found beneath the groundGroundwater
26%
Dust storms that are the result ofDroughts
15%
Loose soil that is turned into liquid mud from shaking of the groundLiquefaction
6%

Score Distribution

Percentile by Number Answered

Percent of People with Each Score

Your Score History

You have not taken this quiz